Normal view
MARC view
Entry Personal Name
001 - CONTROL NUMBER
- control field: 38431
003 - CONTROL NUMBER IDENTIFIER
- control field: ARRUPE
005 - DATE AND TIME OF LATEST TRANSACTION
- control field: 20180112105827.0
008 - FIXED-LENGTH DATA ELEMENTS
- fixed length control field: 180112|| aca||aabn | a|a d
040 ## - CATALOGING SOURCE
- Original cataloging agency: ARRUPE
- Transcribing agency: ARRUPE
100 ## - HEADING--PERSONAL NAME
- Personal name: Eliade, Mircea,
- Dates associated with a name: 1907-1986.
670 ## - SOURCE DATA FOUND
- Source citation: Work cat.: (ARRUPE)0: Eliade, Mircea, 1907-1986., Mythes, rêves et mystères., 1957